Strong, safe, and resilient : (Record no. 138949)
[ view plain ]
| 000 -LEADER | |
|---|---|
| fixed length control field | 01987nam a22004211i 4500 |
| 001 - CONTROL NUMBER | |
| control field | ebr10796135 |
| 003 - CONTROL NUMBER IDENTIFIER | |
| control field | CaPaEBR |
| 006 - FIXED-LENGTH DATA ELEMENTS--ADDITIONAL MATERIAL CHARACTERISTICS--GENERAL INFORMATION | |
| fixed length control field | m o d |
| 007 - PHYSICAL DESCRIPTION FIXED FIELD--GENERAL INFORMATION | |
| fixed length control field | cr cn||||||||| |
| 008 - FIXED-LENGTH DATA ELEMENTS--GENERAL INFORMATION | |
| fixed length control field | 130111s2013 dcua ob i000 0 eng d |
| 020 ## - INTERNATIONAL STANDARD BOOK NUMBER | |
| International Standard Book Number | 9780821398319 (e-book) |
| Cancelled/invalid ISBN | 0821398059 |
| Cancelled/invalid ISBN | 9780821398050 |
| 040 ## - CATALOGING SOURCE | |
| Original cataloging agency | CaPaEBR |
| Language of cataloging | eng |
| Description conventions | rda |
| -- | pn |
| Transcribing agency | CaPaEBR |
| 043 ## - GEOGRAPHIC AREA CODE | |
| Geographic area code | p------ |
| -- | ae----- |
| 050 14 - LIBRARY OF CONGRESS CALL NUMBER | |
| Classification number | HV551.5.P16 |
| Item number | S76 2013eb |
| 245 00 - TITLE STATEMENT | |
| Title | Strong, safe, and resilient : |
| Remainder of title | a strategic policy guide for disaster risk management in East Asia and the Pacific / |
| Statement of responsibility, etc | Abhas K. Jha and Zuzana Stanton-Geddes, editors. |
| 264 #1 - PRODUCTION, PUBLICATION, DISTRIBUTION, MANUFACTURE, AND COPYRIGHT NOTICE | |
| Place of production, publication, distribution, manufacture | Washington, DC : |
| Name of producer, publisher, distributor, manufacturer | The World Bank, |
| Date of production, publication, distribution, manufacture, or copyright notice | 2013. |
| 300 ## - PHYSICAL DESCRIPTION | |
| Extent | 1 online resource (205 pages) : |
| Other physical details | illustrations. |
| 336 ## - CONTENT TYPE | |
| Content type term | text |
| Source | rdacontent |
| 337 ## - MEDIA TYPE | |
| Media type term | computer |
| Source | rdamedia |
| 338 ## - CARRIER TYPE | |
| Carrier type term | online resource |
| Source | rdacarrier |
| 490 1# - SERIES STATEMENT | |
| Series statement | Directions in development |
| 504 ## - BIBLIOGRAPHY, ETC. NOTE | |
| Bibliography, etc | Includes bibliographical references. |
| 588 ## - SOURCE OF DESCRIPTION NOTE | |
| Source of description note | Description based on print version record. |
| 590 ## - LOCAL NOTE (RLIN) | |
| Local note | Electronic reproduction. Palo Alto, Calif. : ebrary, 2013. Available via World Wide Web. Access may be limited to ebrary affiliated libraries. |
| 650 #0 - SUBJECT ADDED ENTRY--TOPICAL TERM | |
| Topical term or geographic name as entry element | Disasters |
| General subdivision | Economic aspects. |
| Topical term or geographic name as entry element | Disasters |
| General subdivision | Social aspects. |
| Topical term or geographic name as entry element | Emergency management |
| Geographic subdivision | East Asia. |
| Topical term or geographic name as entry element | Emergency management |
| Geographic subdivision | Pacific Area. |
| 655 #0 - INDEX TERM--GENRE/FORM | |
| Genre/form data or focus term | Electronic books. |
| 700 1# - ADDED ENTRY--PERSONAL NAME | |
| Personal name | Jha, Abhas Kumar, |
| Dates associated with a name | 1966- |
| Personal name | Stanton-Geddes, Zuzana. |
| 776 08 - ADDITIONAL PHYSICAL FORM ENTRY | |
| Display text | Print version: |
| Title | Strong, safe, and resilient : a strategic policy guide for disaster risk management in East Asia and the Pacific. |
| Place, publisher, and date of publication | Washington, DC : The World Bank, 2013 |
| Physical description | xl, 160 pages : illustrations ; 26 cm. |
| Series data for related item | Directions in development |
| International Standard Book Number | 9780821398050 |
| Record control number | (OCoLC)822895888 |
| -- | (DLC) 2013000725 |
| 797 2# - LOCAL ADDED ENTRY--CORPORATE NAME (RLIN) | |
| Corporate name or jurisdiction name as entry element | ebrary. |
| 830 #0 - SERIES ADDED ENTRY--UNIFORM TITLE | |
| Uniform title | Directions in development (Washington, D.C.) |
| 856 40 - ELECTRONIC LOCATION AND ACCESS | |
| Uniform Resource Identifier | <a href="http://site.ebrary.com/lib/rucke/Doc?id=10796135">http://site.ebrary.com/lib/rucke/Doc?id=10796135</a> |
| Public note | An electronic book accessible through the World Wide Web; click to view |
No items available.
